000 00366cam a2200145ua 4500
003 OSt
008 250802b |||||||| |||| 00| 0 eng d
041 _aeng
082 _a624.5
_bSPR/EL
100 _aSpreadbury, F G .
_96542
245 _aElectrical ignition equipment /
260 _aLondon :
_bConstable and co. ltd ,
_c1954.
300 _a227 ; .
942 _cBK
999 _c10050
_d10050